Por amor al agua /
El agua es la esencia de la vida, sosteniendo a todo ser en el planeta. 'Flow' confronta las preocupantes realidades que indican que nuestro crucial recurso natural está desapareciendo y que la avaricia podría ser la causa.
Guardado en:
| Autor Principal: | |
|---|---|
| Formato: | |
| Publicado: |
Estados Unidos,
2008.
|
| Materias: | |
| Etiquetas: |
Agregar Etiqueta
Sin Etiquetas, Sea el primero en etiquetar este registro!
|
| LEADER | 00960ngm a22002535g 4500 | ||
|---|---|---|---|
| 001 | CEM.cems023262 | ||
| 008 | 130507s2008##################0###0#####d | ||
| 005 | 20250225162843.0 | ||
| 245 | 1 | 0 | |a Por amor al agua / |c Irena Salina. |
| 260 | |a Estados Unidos, |c 2008. | ||
| 300 | |a 93'. | ||
| 500 | |a Consultar en ventanilla. | ||
| 520 | |a El agua es la esencia de la vida, sosteniendo a todo ser en el planeta. 'Flow' confronta las preocupantes realidades que indican que nuestro crucial recurso natural está desapareciendo y que la avaricia podría ser la causa. | ||
| 538 | |a Soporte: DVD - Color: Si - Grabación DRD. | ||
| 590 | |a Identificación anterior registrada en SIABUC: D114 | ||
| 100 | 1 | |a Salina, Irena | |
| 082 | 5 | 7 | |. 6/SAL |
| 653 | |a ECOLOGIA | ||
| 653 | |a ACUÍFEROS | ||
| 653 | |a AGUA | ||
| 653 | |a MEDIO AMBIENTE | ||
| 653 | |a SEQUIA | ||
| 653 | |a NIVEL SECUNDARIO | ||
| 859 | |a CEMS |b BIB. CEMS - Depto. Recursos Didacticos |h 577.6 |i SAL |k DRD |p 1905-14 |t Ej.1 | ||
